000 00471nam a2200181Ia 4500
001 24077
005 20260414151019.0
008 260414t2007||||xx |||||||||||||| ||spa||
041 _aESP
082 _a759.85
_bP23
100 _aPantigoso Pecero, Manuel Trinidad,
_eAUT
245 0 _aManuel Domingo Pantigoso :
_bundador de los independientes
260 _c2007
300 _a477 páginas :
_c30 cm.
650 _aABD
654 _aCAU
942 _cLIB
_dJUS
_fJUS
_2ddc
_n
999 _c24077
_d24077